Представление документа в формате RUSMARC

ПолеНазваниеЗначение
  Тип записи a
  Библиографический уровень a
001 Контрольный номер RU/CBS_UL/BASE/575132589
005 Дата корректировки 20260202135923.6
100 Данные общей обработки __
a Данные общей обработки 20180323d2018 ||| 0rusy0189 ca
101 Язык документа 0_
a Язык текста rus
102 Страна публикации __
a Страна публикации RU
105 Кодированные данные (монография) __
a Кодированные данные (монография) y###||||000|y
200 Заглавие и сведения об ответственности 1_
a Заглавие Женитьба Фигаро
b Общее обозначение материала Текст
e Сведения, относящиеся к заглавию [о любовных романах Андрея Миронова]
f Первые сведения об ответственности Л. Олейник
300 Общие примечания __
a Общие примечания Ограничения по возрасту - 16+
461 Уровень набора _0
1 2000
a Гала Биография
463 Уровень физической единицы _0
1 001RU/CBS_UL/BASE/575129397
1 2000
a № 4
v С. 106-119 : фото
1 210
d 2018
600 Персоналии _0
a Персоналии (Фамилия) Миронов
b Персоналии (Имя, инициалы) А. А.
600 Персоналии _0
a Персоналии (Фамилия) Миронова
b Персоналии (Имя, инициалы) М. В.
600 Персоналии _0
a Персоналии (Фамилия) Менакер
b Персоналии (Имя, инициалы) А. С.
600 Персоналии _0
a Персоналии (Фамилия) Фатеева
b Персоналии (Имя, инициалы) Н. Н.
600 Персоналии _0
a Персоналии (Фамилия) Голубкина
b Персоналии (Имя, инициалы) Л. И.
600 Персоналии _0
a Персоналии (Фамилия) Егорова
b Персоналии (Имя, инициалы) Т. Н.
606 Тематические рубрики 0_
a Основная рубрика Миронов, Андрей Александрович (1941-1987)
610 Ключевые слова 0_
a Ключевые слова кино
a Ключевые слова киноискусство
a Ключевые слова киноискусство советское
a Ключевые слова театр
a Ключевые слова актеры
a Ключевые слова актеры советские
686 Индексы других классификаций __
a Классификационный индекс 85.374(2)
2 Код системы ББК
700 Автор _1
a Фамилия Олейник
b Имя (инициалы) Л.
801 Источник записи _0
a Страна RU
b Организация МБУК ЦБС г. Ульяновска
c Дата составления 20180323
g Правила каталогизации RCR
801 Источник записи _1
a Страна RU
b Организация МБУК ЦБС г. Ульяновска
c Дата составления 20180323
g Правила каталогизации RCR
901 Тип документа __
t Тип документа b
w Контрольный № источника RU/CBS_UL/BASE/575129397
910 Корректоры записи __
a Корректор записи Библиотека 1
938 Служебная информация __
a Имя БД period